| 000 | 00619nam a2200229Ia 4500 | ||
|---|---|---|---|
| 008 | 180523s9999 xx 000 0 und d | ||
| 020 | _a1-56414-614-6 | ||
| 050 | _aMAIN HF 5389 | ||
| 050 | _b.S23 2002 | ||
| 100 | _aSabath, Ann Marie. | ||
| 245 | 0 | _aBusiness etiquette : | |
| 245 | 0 | _b101 ways to conduct business with charm & savvy / | |
| 245 | 0 | _cAnn Marie Sabath. | |
| 250 | _a2nd Edition | ||
| 260 | _aUSA : | ||
| 260 | _bCareer Press., | ||
| 260 | _c2002 | ||
| 300 | _a188 pages : | ||
| 300 | _c21 cm. | ||
| 500 | _aIncludes bibliographical references and index. | ||
| 650 | _aBusiness etiquette. | ||
| 999 |
_c357031 _d357031 |
||